Je postačujúci bodový odhad ukazovateľa doby návratnosti pri posudzovaní efektívnosti investície?
Možnosť využívania pravdepodobnostného rozdelenia premenných pri výpočte ukazovateľa doby návratnosti, kde výsledkom takéhoto výpočtu je intervalový odhad strednej hodnoty doby návratnosti konkrétneho projektu.
Saved in:
| Main Author: | |
|---|---|
| Format: | Book Chapter |
| Language: | Slovak |
| Subjects: | |
| Tags: |
No Tags, Be the first to tag this record!
|
MARC
| LEADER | 00000naa a2200000 4500 | ||
|---|---|---|---|
| 001 | 0212165 | ||
| 005 | 20240502073534.4 | ||
| 041 | 0 | |a slo | |
| 044 | |a SK | ||
| 245 | 1 | 0 | |a Je postačujúci bodový odhad ukazovateľa doby návratnosti pri posudzovaní efektívnosti investície? |c Martin Dluhoš |
| 520 | |a Možnosť využívania pravdepodobnostného rozdelenia premenných pri výpočte ukazovateľa doby návratnosti, kde výsledkom takéhoto výpočtu je intervalový odhad strednej hodnoty doby návratnosti konkrétneho projektu. | ||
| 610 | 2 | 0 | |a efektívnosť investícií |
| 610 | 2 | 0 | |a efektívnosť investícií ekonomická |
| 610 | 2 | 0 | |a odhady |
| 610 | 2 | 0 | |a rozdelenie pravdepodobnosti |
| 610 | 2 | 0 | |a návratnosť investícií |
| 100 | 1 | |a Dluhoš, Martin, 1991- | |